<?xml version="1.0" encoding="UTF-8"?><?xml-stylesheet type="text/xsl" href="static/style.xsl"?><OAI-PMH xmlns="http://www.openarchives.org/OAI/2.0/" xmlns:xsi="http://www.w3.org/2001/XMLSchema-instance" xsi:schemaLocation="http://www.openarchives.org/OAI/2.0/ http://www.openarchives.org/OAI/2.0/OAI-PMH.xsd"><responseDate>2026-04-14T06:30:07Z</responseDate><request verb="GetRecord" identifier="oai:www.recercat.cat:20.500.12327/756" metadataPrefix="marc">https://recercat.cat/oai/request</request><GetRecord><record><header><identifier>oai:recercat.cat:20.500.12327/756</identifier><datestamp>2025-10-22T11:14:44Z</datestamp><setSpec>com_2072_4428</setSpec><setSpec>com_2072_4427</setSpec><setSpec>col_2072_487898</setSpec></header><metadata><record xmlns="http://www.loc.gov/MARC21/slim" xmlns:dcterms="http://purl.org/dc/terms/" xmlns:xsi="http://www.w3.org/2001/XMLSchema-instance" xmlns:doc="http://www.lyncode.com/xoai" xsi:schemaLocation="http://www.loc.gov/MARC21/slim http://www.loc.gov/standards/marcxml/schema/MARC21slim.xsd">
   <leader>00925njm 22002777a 4500</leader>
   <datafield ind2=" " ind1=" " tag="042">
      <subfield code="a">dc</subfield>
   </datafield>
   <datafield ind2=" " ind1=" " tag="720">
      <subfield code="a">Roldan-Santiago, P.</subfield>
      <subfield code="e">author</subfield>
   </datafield>
   <datafield ind2=" " ind1=" " tag="720">
      <subfield code="a">Mota-Rojas, D.</subfield>
      <subfield code="e">author</subfield>
   </datafield>
   <datafield ind2=" " ind1=" " tag="720">
      <subfield code="a">Martínez-Burnes, J.</subfield>
      <subfield code="e">author</subfield>
   </datafield>
   <datafield ind2=" " ind1=" " tag="720">
      <subfield code="a">Velarde, A.</subfield>
      <subfield code="e">author</subfield>
   </datafield>
   <datafield ind2=" " ind1=" " tag="720">
      <subfield code="a">Muns, R.</subfield>
      <subfield code="e">author</subfield>
   </datafield>
   <datafield ind2=" " ind1=" " tag="720">
      <subfield code="a">López-Mayagoitia, A.</subfield>
      <subfield code="e">author</subfield>
   </datafield>
   <datafield ind2=" " ind1=" " tag="260">
      <subfield code="c">2017-12-05</subfield>
   </datafield>
   <datafield ind2=" " ind1=" " tag="520">
      <subfield code="a">The objective of the present study was to determine the effect of sow parity on neonatal piglet health and vitality at birth. We evaluated 1505 neonate piglets, which were born of York–Landrace sows with the following parity distribution: primiparous (n = 202), second (n = 207), third (n = 211), fourth (n = 222), fifth (n = 225), sixth (n = 218) and seventh parity (n = 220). Piglets born to primiparous and seventh-parity sows had the lowest and highest birthweights respectively, and showed the most marked imbalances in blood gas exchanges, acid–base balance and energy profiles, as well as the highest percentage of severe meconium staining of the skin and the lowest vitality scores (P &lt; 0.05). In contrast, the neonates from the fourth-parity sows had the highest vitality scores, required less time to reach the mother’s teat, and had the highest percentage of adhered umbilical cords and newborns with dyspnoea, apnoea and abnormal heartbeat (P &lt; 0.05). The results of this study suggest that during eutocic farrowings, the sow’s parity number has the following effects on newborn piglets: reduced vigour and longer latencies to begin breathing, stand and take the teat. These effects are due to the presence of imbalances in gas exchanges, the acid–base balance and energy profiles that occurred when the mother was a primiparous or older sow. These signs indicate that the newborn piglet survived a process of intrapartum asphyxia.</subfield>
   </datafield>
   <datafield ind1="8" ind2=" " tag="024">
      <subfield code="a">Roldan-Santiago, P., Mota-Rojas, D., Martínez-Burnes, J., Velarde, A., Muns, R. and López-Mayagoitia, A. Roldan-Santiago, P., D. Mota-Rojas, J. Martínez-Burnes, A. Velarde, R. Muns, and A. López-Mayagoitia. 2019. "Neurophysiological Development Of Newborn Pigs: Effect Of The Sow". Animal Production Science 59 (2): 216. doi:10.1071/an16641.</subfield>
   </datafield>
   <datafield ind1="8" ind2=" " tag="024">
      <subfield code="a">1836-0939</subfield>
   </datafield>
   <datafield ind1="8" ind2=" " tag="024">
      <subfield code="a">http://hdl.handle.net/20.500.12327/756</subfield>
   </datafield>
   <datafield ind1="8" ind2=" " tag="024">
      <subfield code="a">https://doi.org/10.1071/AN16641</subfield>
   </datafield>
   <datafield ind2="0" ind1="0" tag="245">
      <subfield code="a">Neurophysiological development of newborn pigs: effect of the sow’s parity number in eutocic farrowings</subfield>
   </datafield>
</record></metadata></record></GetRecord></OAI-PMH>